| 000 | 00000nam##2200000za#4500 |
| 001 | 9.566430 |
| 003 | CaOODSP |
| 005 | 20210624180303 |
| 007 | cr ||||||||||| |
| 008 | 150406|2005||||xxc|||||o f|0| 0 eng|d |
| 040 | |aCaOODSP|beng |
| 043 | |an-cn--- |
| 086 | 1 |aTU3-5/05-13E-PDF |
| 110 | 2 |aTransportation Safety Board of Canada. |
| 245 | 10|aHelicopter roll-over - glassy water - Far West Helicopters Bell Helicopter 206B C-GCQT, Devils Lake, British Columbia, 26 October 2005 |h[electronic resource] |
| 260 | |aGatineau - Quebec : |bTransportation Safety Board of Canada |c[2006]. |
| 300 | |a4p. |
| 490 | 1 |aAviation investigation report |vA05P0262 |
| 590 | |a10-05-Supp|b2010-07-20 |
| 690 | 07|aAircraft accidents|2gcpds |
| 775 | 08|tBasculement sur un plan d'eau miroitant de l'hélicoptère Bell Helicopter 206B C-GCQT exploité par Far West Helicopters au lac Devils (Colombie-Britannique), le 26 octobre 2005 |w(CaOODSP)9.597914 |
| 830 | #0|aAviation investigation report ;|vA05P0262|w(CaOODSP)9.504825 |
| 856 | 40|ahttp://publications.gc.ca|qPDF|s85 KB|uhttps://publications.gc.ca/collections/collection_2009/bst-tsb/TU3-5-05-13E.pdf|yA05P0262 |